000 00908nam a2200181 a 4500
008 110718s1999 ||||||||||||||||| || u
050 _aCOMM(05)
110 _aThe Association of Commonwealth Universities (ACU)
245 1 4 _aThe bulletin: A.C.U. bulletin of current documentation
260 _aLondon:
_bAssociation of Commonwealth Universities (ACU)
_c1999-
300 _aBi-Monthly
350 _a0.00
650 _aUNIVERSITIES AND COLLEGES--ADMINISTRATION
650 0 _aEDUCATIONAL TESTS AND MEASUREMENTS
650 _aEDUCATION, HIGHER--ADMINISTRATION
995 _aSPECIAL COLLECTIONS
_D0.00
_e03008085
_FCBU-MAIN LIBRARY (Kitwe)
_H1
_I0.00
_jCOMM(05)B8/1999/138
_M1
_UAVAILABLE
_WJul 18, 2011
_yZ03008085
_ZInternational Publications
995 _aSPECIAL COLLECTIONS
_D0.00
_e03008086
_FCBU-MAIN LIBRARY (Kitwe)
_H1
_I0.00
_jCOMM(05)B6/2004/158
_M2
_UAVAILABLE
_WJul 18, 2011
_yZ03008086
_ZInternational Publications
999 _c77842
_d77842